Fast typing 1 to 150 - Statistics

General Stats
  • This quiz has been taken 475 times
  • The average score is 99 of 150
Answer Stats
# % Correct
1
100%
2
97%
3
97%
4
95%
5
95%
6
95%
7
95%
8
95%
9
95%
10
92%
11
90%
12
87%
13
86%
14
86%
15
86%
16
86%
17
86%
18
86%
19
86%
20
86%
21
85%
22
85%
23
85%
24
84%
25
84%
26
84%
27
84%
28
84%
29
84%
30
84%
31
84%
32
84%
33
84%
34
84%
35
84%
36
84%
37
84%
38
84%
39
84%
40
83%
41
83%
42
83%
43
83%
44
83%
45
83%
46
83%
47
83%
48
83%
49
83%
50
83%
51
83%
52
83%
53
83%
54
83%
55
83%
56
83%
57
83%
58
83%
59
82%
60
82%
61
82%
62
82%
63
80%
64
80%
65
80%
66
80%
67
80%
68
80%
69
80%
70
80%
71
80%
72
80%
73
80%
74
80%
75
80%
76
80%
77
80%
78
80%
79
80%
80
79%
81
79%
82
79%
83
79%
84
78%
85
78%
86
78%
87
78%
88
78%
89
78%
90
77%
91
76%
92
76%
93
75%
94
74%
95
74%
96
74%
97
74%
98
74%
99
74%
100
73%
101
72%
102
70%
103
67%
104
65%
105
64%
106
63%
107
60%
108
59%
109
57%
110
55%
111
54%
112
51%
113
50%
114
48%
115
47%
116
46%
117
46%
118
46%
119
44%
120
41%
121
39%
122
35%
123
31%
124
30%
125
27%
126
26%
127
26%
128
24%
129
24%
130
22%
131
20%
132
19%
133
18%
134
17%
135
16%
136
15%
137
15%
138
14%
139
13%
140
12%
141
11%
142
10%
143
9%
144
7%
145
7%
146
6%
147
6%
148
6%
149
6%
150
5%
No matching quizzes found
Score Distribution
Percent of People with Each Score
Percentile by Number Answered
Your Score History
You have not taken this quiz